[Event "Sitges op 46th"]
[Site "Sitges"]
[Date "2022.07.28"]
[Round "7"]
[White "Cespedes Llaverias, Llibert"]
[Black "Congrains Diaz, Adrian Francisco"]
[Result "0-1"]
[WhiteElo "2073"]
[BlackElo "2025"]
[PlyCount "116"]
[EventDate "2022.07.22"]
[EventType "swiss"]
[EventRounds "9"]
[EventCountry "ESP"]
[SourceTitle "CBM 209 Extra"]
[Source "ChessBase"]
[SourceDate "2022.09.30"]
[SourceVersion "1"]
[SourceVersionDate "2022.09.30"]
[SourceQuality "1"]

1. e4 c5 2. Nf3 d6 3. d4 cxd4 4. Nxd4 Nf6 5. Nc3 a6 6. g3 e5 7. Nde2 b5 8. Bg2 Bb7 9. 0-0 Nbd7 10. a4 b4 11. Nd5 Nxd5 12. exd5 Qc8 13. Be3 Be7 14. a5 Qc7 15. c3 bxc3 16. Nxc3 0-0 17. Bh3 Rab8 18. Qb1 Bc8 19. Rc1 Qb7 20. Na4 Nf6 21. Bxc8 Rfxc8 22. Rxc8+ Qxc8 23. Nb6 Qb7 24. Qd3 Bd8 25. Rd1 Bxb6 26. Bxb6 Nd7 27. Be3 h6 28. Qa3 Qb4 29. Qxb4 Rxb4 30. Rc1 Rb5 31. Rc6 Nf6 32. Rxa6 Nxd5 33. Rxd6 Nxe3 34. fxe3 Rxb2 35. a6 Ra2 36. Kf1 Kh7 37. h3 f6 38. Ke1 Kg6 39. e4 Kg5 40. Kd1 h5 41. Kc1 h4 42. gxh4+ Kf4 43. Kb1 Ra5 44. Kb2 Kxe4 45. Kb3 f5 46. Kb4 Ra1 47. h5 f4 48. h6 gxh6 49. Kc3 h5 50. Kd2 Ra2+ 51. Kc3 Kf3 52. Kb3 Ra1 53. Rh6 e4 54. Rxh5 Rxa6 55. Kc3 Rd6 56. Ra5 e3 57. h4 e2 58. Ra1 Kf2 0-1

[Event "Sitges op 46th"]
[Site "Sitges"]
[Date "2022.07.26"]
[Round "5"]
[White "Cespedes Llaverias, Llibert"]
[Black "Altisen Palmada, Roberto"]
[Result "1/2-1/2"]
[WhiteElo "2073"]
[BlackElo "1934"]
[PlyCount "91"]
[EventDate "2022.07.22"]
[EventType "swiss"]
[EventRounds "9"]
[EventCountry "ESP"]
[SourceTitle "CBM 209 Extra"]
[Source "ChessBase"]
[SourceDate "2022.09.30"]
[SourceVersion "1"]
[SourceVersionDate "2022.09.30"]
[SourceQuality "1"]

1. e4 c5 2. Nf3 g6 3. c3 Bg7 4. d4 cxd4 5. cxd4 d5 6. e5 Nh6 7. Bb5+ Bd7 8. Be2 Nc6 9. Nc3 Bg4 10. h3 Bxf3 11. Bxf3 e6 12. Bg4 Qb6 13. Ne2 0-0 14. 0-0 Nxg4 15. hxg4 f6 16. exf6 Bxf6 17. Be3 Qxb2 18. g5 Bg7 19. Rb1 Qxa2 20. Nf4 Nd8 21. Qg4 Qa6 22. Rfc1 Qd6 23. Nd3 Rf7 24. Bf4 Qf8 25. Bg3 Nc6 26. Be5 Bxe5 27. dxe5 Re8 28. Qa4 a6 29. Rb6 Ree7 30. f4 Rc7 31. g3 Nd8 32. Rxc7 Rxc7 33. Rd6 Rc6 34. Rd7 Qe8 35. Nc5 b5 36. Qa5 Nf7 37. Rc7 Qa8 38. Rxc6 Qxc6 39. Nxa6 Qc1+ 40. Kg2 Qc2+ 41. Kh3 Qb1 42. Kh2 d4 43. Nc7 Qc2+ 44. Kg1 Qd1+ 45. Kf2 Qc2+ 46. Kg1 1/2-1/2

[Event "Sitges op 46th"]
[Site "Sitges"]
[Date "2022.07.24"]
[Round "3"]
[White "Cespedes Llaverias, Llibert"]
[Black "Caldentey Ayas, Daniel"]
[Result "1-0"]
[WhiteElo "2073"]
[BlackElo "2048"]
[PlyCount "101"]
[EventDate "2022.07.22"]
[EventType "swiss"]
[EventRounds "9"]
[EventCountry "ESP"]
[SourceTitle "CBM 209 Extra"]
[Source "ChessBase"]
[SourceDate "2022.09.30"]
[SourceVersion "1"]
[SourceVersionDate "2022.09.30"]
[SourceQuality "1"]

1. e4 e6 2. d4 d5 3. Nc3 Nf6 4. e5 Nfd7 5. Nce2 c5 6. c3 Nc6 7. Nf3 Be7 8. a3 a5 9. h4 0-0 10. Nf4 Re8 11. Bd3 Nf8 12. Kf1 cxd4 13. cxd4 f6 14. Be3 Bd7 15. exf6 Bxf6 16. Nh5 Qe7 17. Bb5 Rec8 18. Nf4 Be8 19. g4 Qd8 20. Bxc6 bxc6 21. h5 Rab8 22. Nd3 Nd7 23. Bf4 Rb7 24. Qe2 Nf8 25. Nc5 Ra7 26. Re1 Bd7 27. Bd6 Be7 28. Bxe7 Qxe7 29. Ne5 Be8 30. f4 Qd8 31. g5 Rb8 32. Ned3 Qd6 33. Qe5 Qxe5 34. Rxe5 Bf7 35. Rh2 g6 36. h6 Nd7 37. Nxd7 Rxd7 38. Rc2 Rc7 39. Nc5 Re8 40. Ke2 Kf8 41. Kd3 Ke7 42. Rc3 Kd6 43. Rb3 Bg8 44. Rb6 Rf8 45. Ke3 Ra8 46. Kf3 Bf7 47. Re3 Bg8 48. Reb3 Bf7 49. Rb8 Rxb8 50. Rxb8 Re7 51. Ra8 1-0

[Event "Barcelona Tres Peons op 22nd"]
[Site "Barcelona"]
[Date "2020.02.12"]
[Round "6"]
[White "Cespedes Llaverias, Llibert"]
[Black "Comellas Blanchart, Jordi"]
[Result "0-1"]
[WhiteElo "2009"]
[BlackElo "2125"]
[PlyCount "109"]
[EventDate "2020.01.08"]
[EventType "swiss"]
[EventRounds "9"]
[EventCountry "ESP"]
[SourceTitle "CBM 195 Extra"]
[Source "ChessBase"]
[SourceDate "2020.05.31"]
[SourceVersion "1"]
[SourceVersionDate "2020.05.31"]
[SourceQuality "1"]

1. e4 c5 2. Nf3 d6 3. Bb5+ Nd7 4. d4 cxd4 5. Qxd4 a6 6. Be2 Ngf6 7. 0-0 g6 8. Nc3 Bg7 9. Rd1 0-0 10. e5 Nh5 11. Qh4 dxe5 12. Bg5 Nhf6 13. Nxe5 Qc7 14. Nf3 b6 15. Rd2 Bb7 16. Rad1 Rad8 17. Bf4 Qc8 18. a4 Nc5 19. a5 Rxd2 20. Nxd2 b5 21. Be3 e5 22. Qb4 Ne6 23. Nde4 Nxe4 24. Nxe4 Qxc2 25. Nc3 Qf5 26. Bg4 Qf6 27. Rd7 Bc8 28. Nd5 Qh4 29. g3 Qxg4 30. Qxg4 Bxd7 31. Nb4 Bc8 32. Qe4 Rd8 33. Nc6 Rd7 34. Qc2 Bb7 35. Nb4 Bf8 36. Na2 Nc5 37. Bxc5 Bxc5 38. Nc3 Rd4 39. Kf1 Bb4 40. Ke2 Bxa5 41. Nb1 Kg7 42. f3 e4 43. f4 Bd5 44. Nc3 Bc4+ 45. Kf2 Bb6 46. Ke1 e3 47. f5 Bd3 48. f6+ Kxf6 49. Qg2 Rd6 50. Qf3+ Kg7 51. Qf4 Re6 52. Nd5 Bc4 53. Nxb6 Rxb6 54. Qd4+ Rf6 55. Qxe3 0-1

[Event "Barcelona Tres Peons op 22nd"]
[Site "Barcelona"]
[Date "2020.01.08"]
[Round "1"]
[White "Costa Trave, Jaume"]
[Black "Cespedes Llaverias, Llibert"]
[Result "0-1"]
[WhiteElo "1702"]
[BlackElo "2009"]
[PlyCount "40"]
[EventDate "2020.01.08"]
[EventType "swiss"]
[EventRounds "9"]
[EventCountry "ESP"]
[SourceTitle "CBM 195 Extra"]
[Source "ChessBase"]
[SourceDate "2020.05.31"]
[SourceVersion "1"]
[SourceVersionDate "2020.05.31"]
[SourceQuality "1"]

1. e4 c5 2. d4 cxd4 3. c3 dxc3 4. Nxc3 Nc6 5. Bc4 e6 6. Nf3 a6 7. 0-0 Nge7 8. Bg5 h6 9. Bh4 d6 10. Rc1 g5 11. Bg3 Ng6 12. Nd4 Nce5 13. Bb3 h5 14. Qd2 g4 15. f4 gxf3 16. Nxf3 Bh6 17. Qd4 Bxc1 18. Rxc1 h4 19. Bf2 Nxf3+ 20. gxf3 Qg5+ 0-1

[Event "Barcelona Tey op-A 1st"]
[Site "Barcelona"]
[Date "2019.11.06"]
[Round "5.6"]
[White "Cespedes Llaverias, Llibert"]
[Black "Madrid Sole, Antonio"]
[Result "1-0"]
[WhiteElo "1915"]
[BlackElo "1800"]
[PlyCount "61"]
[EventDate "2019.10.09"]
[EventType "swiss"]
[EventRounds "9"]
[EventCountry "ESP"]
[SourceTitle "EXT 2024"]
[Source "ChessBase"]
[SourceDate "2023.10.10"]
[SourceVersion "1"]
[SourceVersionDate "2023.10.10"]
[SourceQuality "1"]

1. e4 e6 2. d4 d5 3. Nc3 Nf6 4. e5 Nfd7 5. Nce2 c5 6. c3 Nc6 7. Nf3 cxd4 8. cxd4 Bb4+ 9. Bd2 Bxd2+ 10. Qxd2 0-0 11. Nc3 a6 12. Bd3 f6 13. exf6 Nxf6 14. 0-0 Bd7 15. Rfe1 Qc7 16. Rac1 Qd6 17. Bb1 Rae8 18. Ne5 Ne7 19. Qd3 g6 20. Qg3 Nf5 21. Bxf5 exf5 22. f3 Kg7 23. Ne2 Rc8 24. Rxc8 Rxc8 25. Nf4 Be8 26. Nexg6 Kh6 27. Qh4+ Kg7 28. Re6 Rc1+ 29. Kf2 Rc2+ 30. Ke3 Ng4+ 31. fxg4 1-0

[Event "Barbera del Valles op 42nd"]
[Site "Barbera del Valles"]
[Date "2019.07.10"]
[Round "7"]
[White "Cespedes Llaverias, Llibert"]
[Black "Mahajan, Ayush"]
[Result "0-1"]
[WhiteElo "1986"]
[BlackElo "1605"]
[PlyCount "74"]
[EventDate "2019.07.04"]
[EventType "swiss"]
[EventRounds "9"]
[EventCountry "ESP"]
[SourceTitle "CBM 191 Extra"]
[Source "ChessBase"]
[SourceDate "2019.09.30"]
[SourceVersion "1"]
[SourceVersionDate "2019.09.30"]
[SourceQuality "1"]

1. e4 e5 2. Nf3 Nc6 3. Bc4 Bc5 4. c3 Nf6 5. b4 Be7 6. Qe2 0-0 7. 0-0 d6 8. h3 a6 9. a4 Be6 10. Bxe6 fxe6 11. d3 Qe8 12. Nbd2 Nh5 13. g3 Qg6 14. Kh2 Qf7 15. Bb2 g5 16. Kg2 Qg6 17. Nh2 Ng7 18. Nc4 Bf6 19. Ne3 Ne7 20. a5 d5 21. Qc2 Ne8 22. Rae1 h5 23. Nf3 Nd6 24. Nd2 c6 25. Re2 Rf7 26. Ba3 Raf8 27. Nd1 Bg7 28. Nb2 Nb5 29. Qb3 Qf6 30. Na4 Ng6 31. Ree1 g4 32. hxg4 Qg5 33. Qd1 Nxa3 34. Nc5 hxg4 35. Nxe6 Qh5 36. Nxf8 Qh3+ 37. Kg1 Bxf8 0-1

[Event "Barbera del Valles op 42nd"]
[Site "Barbera del Valles"]
[Date "2019.07.07"]
[Round "4"]
[White "Namitbir, Singh Walia"]
[Black "Cespedes Llaverias, Llibert"]
[Result "1/2-1/2"]
[WhiteElo "1760"]
[BlackElo "1986"]
[PlyCount "46"]
[EventDate "2019.07.04"]
[EventType "swiss"]
[EventRounds "9"]
[EventCountry "ESP"]
[SourceTitle "CBM 191 Extra"]
[Source "ChessBase"]
[SourceDate "2019.09.30"]
[SourceVersion "1"]
[SourceVersionDate "2019.09.30"]
[SourceQuality "1"]

1. e4 c5 2. Nf3 Nc6 3. d4 cxd4 4. Nxd4 e6 5. Nc3 Qc7 6. Be3 a6 7. Be2 b5 8. a3 Bb7 9. 0-0 Nf6 10. f3 Bc5 11. Qd2 Qb6 12. Rad1 0-0 13. Kf2 Nxd4 14. Bxd4 d5 15. exd5 Nxd5 16. Nxd5 Bxd5 17. Qe3 Bxd4 18. Qxd4 Qxd4+ 19. Rxd4 Rfc8 20. Rc1 Rab8 21. Ke3 Kf8 22. Kd2 Ke7 23. a4 Rc5 1/2-1/2

[Event "Barcelona IM Norm 2nd"]
[Site "Barcelona"]
[Date "2019.06.08"]
[Round "9.2"]
[White "Cespedes Llaverias, Llibert"]
[Black "Petit Montes, Marc"]
[Result "1-0"]
[WhiteElo "2115"]
[BlackElo "1983"]
[PlyCount "95"]
[EventDate "2019.04.06"]
[EventType "tourn"]
[EventRounds "9"]
[EventCountry "ESP"]
[SourceTitle "EXT 2024"]
[Source "ChessBase"]
[SourceDate "2023.10.10"]
[SourceVersion "1"]
[SourceVersionDate "2023.10.10"]
[SourceQuality "1"]

1. e4 c6 2. d4 d5 3. e5 Bf5 4. h4 h5 5. Bd3 Bxd3 6. Qxd3 e6 7. Bg5 Qb6 8. Nd2 Ne7 9. Ne2 Nf5 10. c3 Nd7 11. Ng3 Nxg3 12. fxg3 c5 13. Be3 0-0-0 14. 0-0 f6 15. Nf3 Kb8 16. Kh2 Be7 17. Bf4 Ka8 18. Rfc1 Rdg8 19. Qg6 Nf8 20. Qe8+ Qd8 21. Qxd8+ Bxd8 22. dxc5 g5 23. hxg5 fxg5 24. Be3 h4 25. g4 Ng6 26. Re1 Nf4 27. Rad1 Rg6 28. Rd4 Rf8 29. Bxf4 gxf4 30. Kh3 Kb8 31. Red1 b5 32. a4 a6 33. axb5 axb5 34. Rb4 Be7 35. Rxb5+ Kc7 36. Ra1 Rc8 37. Ra7+ Kd8 38. b4 Rc7 39. Ra8+ Rc8 40. Ra6 Kd7 41. Nd4 Rcg8 42. Rb7+ Ke8 43. Ra8+ Kf7 44. Rxg8 Rxg8 45. Nc6 Re8 46. Rxe7+ Rxe7 47. Nxe7 Kxe7 48. b5 1-0

[Event "Barcelona IM Norm 2nd"]
[Site "Barcelona"]
[Date "2019.05.25"]
[Round "7.3"]
[White "Cespedes Llaverias, Llibert"]
[Black "Moravich Casais, Juan Santiago"]
[Result "1/2-1/2"]
[WhiteElo "2115"]
[BlackElo "1993"]
[PlyCount "62"]
[EventDate "2019.04.06"]
[EventType "tourn"]
[EventRounds "9"]
[EventCountry "ESP"]
[SourceTitle "EXT 2024"]
[Source "ChessBase"]
[SourceDate "2023.10.10"]
[SourceVersion "1"]
[SourceVersionDate "2023.10.10"]
[SourceQuality "1"]

1. e4 c5 2. Nf3 g6 3. c3 Bg7 4. d4 cxd4 5. cxd4 d5 6. e5 Nh6 7. Bb5+ Bd7 8. Be2 Nc6 9. Nc3 Bg4 10. h3 Bxf3 11. Bxf3 Nf5 12. Be3 e6 13. 0-0 0-0 14. g4 Nxe3 15. fxe3 f6 16. exf6 Qxf6 17. Qb3 Qg5 18. Rae1 Na5 19. Qd1 Nc4 20. Qe2 Rf7 21. b3 Qxe3+ 22. Qxe3 Nxe3 23. Rxe3 Bxd4 24. Nd1 Rc8 25. Kg2 Bxe3 26. Nxe3 Rc3 27. Nxd5 Rcxf3 28. Rxf3 exd5 29. Rd3 Rd7 30. Kf3 Kf7 31. Ke3 Ke6 1/2-1/2

[Event "L'Estartit Baix Ter U2200"]
[Site "L'Estartit"]
[Date "2018.09.02"]
[Round "4.1"]
[White "Cespedes Llaverias, Llibert"]
[Black "Gallart Zafra, Jaume"]
[Result "1/2-1/2"]
[WhiteElo "2064"]
[BlackElo "2173"]
[PlyCount "48"]
[EventDate "2018.09.01"]
[EventType "swiss"]
[EventRounds "6"]
[EventCountry "ESP"]
[SourceTitle "EXT 2024"]
[Source "ChessBase"]
[SourceDate "2023.10.10"]
[SourceVersion "1"]
[SourceVersionDate "2023.10.10"]
[SourceQuality "1"]

1. e4 c5 2. Nf3 d6 3. Bb5+ Nd7 4. 0-0 a6 5. Bd3 Ngf6 6. Re1 Qc7 7. c3 e5 8. Bc2 Be7 9. a4 0-0 10. d4 Re8 11. dxe5 dxe5 12. c4 Nb6 13. b3 Bg4 14. Nc3 Rad8 15. Qe2 Nbd7 16. h3 Bh5 17. Bb2 Bd6 18. Rad1 Nf8 19. Qd3 Ne6 20. Nd5 Nxd5 21. exd5 Bg6 22. Qc3 Nd4 23. Bxg6 hxg6 24. Nxd4 cxd4 1/2-1/2

[Event "L'Estartit Baix Ter U2200"]
[Site "L'Estartit"]
[Date "2018.09.02"]
[Round "5.5"]
[White "Molano Lafuente, Ismael"]
[Black "Cespedes Llaverias, Llibert"]
[Result "0-1"]
[WhiteElo "1968"]
[BlackElo "2064"]
[PlyCount "108"]
[EventDate "2018.09.01"]
[EventType "swiss"]
[EventRounds "6"]
[EventCountry "ESP"]
[SourceTitle "EXT 2024"]
[Source "ChessBase"]
[SourceDate "2023.10.10"]
[SourceVersion "1"]
[SourceVersionDate "2023.10.10"]
[SourceQuality "1"]

1. e4 c5 2. b3 g6 3. Bb2 Nf6 4. e5 Nd5 5. Nc3 Nc7 6. h4 Bg7 7. h5 Bxe5 8. f4 Bf6 9. Bd3 d5 10. hxg6 hxg6 11. Rxh8+ Bxh8 12. Qf3 Nc6 13. g4 Qd7 14. Qh1 Bxc3 15. dxc3 Qxg4 16. Qh8+ Kd7 17. Ne2 b6 18. Qg7 Qh4+ 19. Kd2 Qf6 20. Qh7 Bb7 21. Rh1 Ne6 22. Qh3 Kc7 23. Qg3 Kd7 24. Qh3 Rd8 25. f5 gxf5 26. Bxf5 Kc7 27. Qg3+ Qe5 28. Qxe5+ Nxe5 29. Bxe6 fxe6 30. Nf4 Bc8 31. Rh7 Nc6 32. Ng6 Kd6 33. Ke1 Rg8 34. Rh6 Ne5 35. Nf4 Rg4 36. Ne2 Ba6 37. c4 d4 38. Bc1 Rh4 39. Ng3 Rxh6 40. Ne4+ Kd7 41. Bxh6 Bb7 42. Nf2 Nf7 43. Bf8 e5 44. Ng4 Ke6 45. Nh6 Nd6 46. Bg7 e4 47. c3 Ne8 48. Bh8 Nf6 49. cxd4 cxd4 50. Kd2 Ke5 51. Ng8 e3+ 52. Kd3 Be4+ 53. Ke2 Ke6 54. Nh6 Bb1 0-1

[Event "L'Estartit Baix Ter U2200"]
[Site "L'Estartit"]
[Date "2018.09.02"]
[Round "6.2"]
[White "Travesset Sagre, Jan"]
[Black "Cespedes Llaverias, Llibert"]
[Result "0-1"]
[WhiteElo "2007"]
[BlackElo "2064"]
[PlyCount "110"]
[EventDate "2018.09.01"]
[EventType "swiss"]
[EventRounds "6"]
[EventCountry "ESP"]
[SourceTitle "EXT 2024"]
[Source "ChessBase"]
[SourceDate "2023.10.10"]
[SourceVersion "1"]
[SourceVersionDate "2023.10.10"]
[SourceQuality "1"]

1. Nf3 Nf6 2. c4 c5 3. g3 g6 4. Bg2 Bg7 5. Nc3 Nc6 6. d4 cxd4 7. Nxd4 0-0 8. 0-0 Qa5 9. Nc2 d6 10. e4 Nd7 11. Bd2 Qd8 12. Qe2 a5 13. Rab1 Nc5 14. b3 Be6 15. Nd5 Rc8 16. Be3 Bd7 17. Qd2 Ra8 18. Rfd1 Re8 19. h3 h5 20. Nc3 Be6 21. Nd4 Nxd4 22. Bxd4 Bxd4 23. Qxd4 Qc8 24. Kh2 Nd7 25. f4 Qc5 26. Qd2 Nf6 27. Rf1 Kg7 28. Rbe1 Red8 29. Qb2 Rh8 30. Nb5 Bd7 31. Nc3 e5 32. Nd5 Ng4+ 33. Kh1 Be6 34. Bf3 Bxd5 35. exd5 f6 36. Bxg4 hxg4 37. fxe5 Rxh3+ 38. Kg2 fxe5 39. Rxe5 dxe5 40. Qxe5+ Kg8 41. Qe6+ Kh8 42. Rf7 Qd4 43. Qe2 Kg8 44. Rf4 Qg7 45. Qxg4 Rh5 46. Qe6+ Kh8 47. Rf7 Qb2+ 48. Kf3 Rf5+ 49. Rxf5 gxf5 50. Qh6+ Kg8 51. Qe6+ Kh8 52. Qh6+ Kg8 53. Qe6+ Kg7 54. d6 Qf6 55. Qd5 Qf7 0-1

[Event "L'Estartit Baix Ter U2200"]
[Site "L'Estartit"]
[Date "2018.09.01"]
[Round "3.2"]
[White "Cespedes Llaverias, Llibert"]
[Black "Benet Catala, Antonio"]
[Result "1/2-1/2"]
[WhiteElo "2064"]
[BlackElo "2145"]
[PlyCount "57"]
[EventDate "2018.09.01"]
[EventType "swiss"]
[EventRounds "6"]
[EventCountry "ESP"]
[SourceTitle "EXT 2024"]
[Source "ChessBase"]
[SourceDate "2023.10.10"]
[SourceVersion "1"]
[SourceVersionDate "2023.10.10"]
[SourceQuality "1"]

1. e4 c6 2. d4 d5 3. e5 c5 4. dxc5 e6 5. a3 Bxc5 6. b4 Bb6 7. Bb2 Ne7 8. Bd3 Ng6 9. g3 Nc6 10. Nf3 0-0 11. 0-0 f6 12. exf6 gxf6 13. c4 Kg7 14. cxd5 Qxd5 15. Nc3 Qh5 16. Na4 Bc7 17. Rc1 Rf7 18. Be2 Qf5 19. Qc2 e5 20. Nc5 Qxc2 21. Rxc2 Bf5 22. Rc4 Nd8 23. h4 Bb6 24. h5 Ne7 25. Nh4 Bxc5 26. Nxf5+ Nxf5 27. Rxc5 Ne6 28. Rc4 Nfd4 29. Bd1 1/2-1/2

[Event "Sitges op 44th"]
[Site "Sitges"]
[Date "2018.07.23"]
[Round "3"]
[White "Cespedes Llaverias, Llibert"]
[Black "Fernandez Diaz, Cristian"]
[Result "1/2-1/2"]
[WhiteElo "1886"]
[BlackElo "2242"]
[PlyCount "107"]
[EventDate "2018.07.22"]
[EventType "swiss"]
[EventRounds "9"]
[EventCountry "ESP"]
[SourceTitle "CBM 185 Extra"]
[Source "ChessBase"]
[SourceDate "2018.07.29"]
[SourceVersion "1"]
[SourceVersionDate "2018.07.29"]
[SourceQuality "1"]

1. e4 d6 2. d4 Nf6 3. Nc3 g6 4. Be3 a6 5. Qd2 b5 6. f3 Nbd7 7. h4 h5 8. Nh3 Bg7 9. Ng5 Bb7 10. a4 c6 11. Rd1 Qc7 12. Ne2 e5 13. dxe5 dxe5 14. Nc1 0-0 15. Qc3 Rac8 16. Nb3 Nh7 17. Be2 Nxg5 18. Bxg5 bxa4 19. Na5 Rfe8 20. Kf2 Bf8 21. Qd2 Bc5+ 22. Kg3 Nf8 23. Bc4 Rb8 24. Bf6 Be7 25. Bxe7 Qxe7 26. Qd6 Qxd6 27. Rxd6 Bc8 28. b3 axb3 29. cxb3 Be6 30. Rxc6 Bxc4 31. Nxc4 Rxb3 32. Rxa6 Ne6 33. Ra3 Rxa3 34. Nxa3 Rc8 35. Rf1 Kg7 36. Rf2 Rc3 37. Nb1 Rd3 38. Ra2 Nc5 39. Kf2 Rd1 40. Nc3 Rh1 41. Kg3 Nd3 42. Nd5 Kh6 43. Rd2 Nc5 44. Rc2 Ne6 45. Nc7 Nd4 46. Ra2 Kg7 47. Nd5 f5 48. Ra7+ Kh6 49. Re7 fxe4 50. fxe4 Ne2+ 51. Kf3 Nd4+ 52. Kg3 Ne2+ 53. Kf3 Nd4+ 54. Kg3 1/2-1/2

[Event "Barbera del Valles op 41st"]
[Site "Barbera del Valles"]
[Date "2018.07.07"]
[Round "4"]
[White "Raghunandan, Kaumandur Srihari"]
[Black "Cespedes Llaverias, Llibert"]
[Result "1-0"]
[WhiteElo "2417"]
[BlackElo "1886"]
[PlyCount "87"]
[EventDate "2018.07.04"]
[EventType "swiss"]
[EventRounds "9"]
[EventCountry "ESP"]
[SourceTitle "CBM 185 Extra"]
[Source "ChessBase"]
[SourceDate "2018.07.29"]
[SourceVersion "1"]
[SourceVersionDate "2018.07.29"]
[SourceQuality "1"]

1. e4 c5 2. Nf3 Nc6 3. d4 cxd4 4. Nxd4 g6 5. c4 Bg7 6. Be3 Nf6 7. Nc3 d6 8. Be2 0-0 9. 0-0 Bd7 10. f3 Nxd4 11. Bxd4 a5 12. Qd2 Bc6 13. b3 Nd7 14. Be3 Nc5 15. Rab1 Be5 16. Bd1 e6 17. Bc2 Qh4 18. g3 Qe7 19. a3 Rfd8 20. b4 axb4 21. axb4 Na4 22. Bxa4 Bxa4 23. b5 Qc7 24. Rb4 d5 25. Nxa4 dxe4 26. Qe1 Rd3 27. fxe4 Ra3 28. Nb6 Rd8 29. Bf2 Bc3 30. Qb1 Ra1 31. Qb3 Rxf1+ 32. Kxf1 Bxb4 33. Qxb4 Rd1+ 34. Ke2 Rh1 35. Qc5 Qxc5 36. Bxc5 Rxh2+ 37. Bf2 Rh1 38. Nc8 Kf8 39. Nd6 Ke7 40. Nxb7 Kd7 41. b6 f5 42. Na5 Rb1 43. b7 Rb2+ 44. Kf3 1-0

[Event "Barcelona Tres Peons-D 47th"]
[Site "Barcelona"]
[Date "2018.06.22"]
[Round "9.4"]
[White "Munoz Lozano, Jorge Manuel"]
[Black "Cespedes Llaverias, Llibert"]
[Result "0-1"]
[WhiteElo "1747"]
[BlackElo "2029"]
[PlyCount "84"]
[EventDate "2018.04.27"]
[EventType "tourn"]
[EventRounds "9"]
[EventCountry "ESP"]
[SourceTitle "EXT 2024"]
[Source "ChessBase"]
[SourceDate "2023.10.10"]
[SourceVersion "1"]
[SourceVersionDate "2023.10.10"]
[SourceQuality "1"]

1. g3 d5 2. Bg2 Nf6 3. d3 c6 4. Nd2 e5 5. e4 dxe4 6. dxe4 Be7 7. Ngf3 Bg4 8. 0-0 0-0 9. h3 Bxf3 10. Bxf3 Qc7 11. b3 Rd8 12. Qe2 Bb4 13. Rd1 Bc3 14. Rb1 Nbd7 15. a4 a6 16. Ba3 b5 17. b4 Bxd2 18. Rxd2 Nb6 19. a5 Nc4 20. Rxd8+ Rxd8 21. Bc1 c5 22. c3 cxb4 23. cxb4 Qd7 24. Kg2 h6 25. Be3 Qd3 26. Rd1 Qxd1 27. Qxd1 Rxd1 28. Bxd1 Nxe3+ 29. fxe3 Nxe4 30. Bb3 Kf8 31. Bd5 Nd6 32. g4 Ke7 33. Kg3 Kd7 34. e4 f6 35. Kh4 g6 36. Bg8 Nxe4 37. Bf7 g5+ 38. Kh5 Nf2 39. Kxh6 e4 40. Bd5 e3 41. Bf3 Nxh3 42. Kg6 Ke7 0-1

[Event "Barcelona Tres Peons-D 47th"]
[Site "Barcelona"]
[Date "2018.06.08"]
[Round "7.3"]
[White "Barragan Hernandez, Manel"]
[Black "Cespedes Llaverias, Llibert"]
[Result "1/2-1/2"]
[WhiteElo "1894"]
[BlackElo "2029"]
[PlyCount "160"]
[EventDate "2018.04.27"]
[EventType "tourn"]
[EventRounds "9"]
[EventCountry "ESP"]
[SourceTitle "EXT 2024"]
[Source "ChessBase"]
[SourceDate "2023.10.10"]
[SourceVersion "1"]
[SourceVersionDate "2023.10.10"]
[SourceQuality "1"]

1. e4 c5 2. Nf3 Nc6 3. d4 cxd4 4. Nxd4 g6 5. c4 Bg7 6. Be3 Nf6 7. Nc3 d6 8. Be2 0-0 9. 0-0 Bd7 10. Qd2 Nxd4 11. Bxd4 Bc6 12. f3 a5 13. b3 Nd7 14. Bxg7 Kxg7 15. Qd4+ Kg8 16. Rfd1 Qb6 17. Qxb6 Nxb6 18. Nd5 Bxd5 19. cxd5 Nd7 20. Rac1 Rfc8 21. Bb5 Rxc1 22. Rxc1 Nc5 23. Kf2 Kg7 24. Ke3 Kf6 25. f4 b6 26. g4 g5 27. f5 Rh8 28. Be2 Ke5 29. Bf3 e6 30. dxe6 fxe6 31. fxe6 Kxe6 32. Rd1 h6 33. Rd5 Nd7 34. Be2 Ne5 35. Rb5 Rb8 36. h3 Kd7 37. Rd5 Rc8 38. Kd2 Rf8 39. Ke3 Rf6 40. Rb5 Kc7 41. b4 axb4 42. Rxb4 Rf8 43. Ra4 Kc6 44. Ra6 Kb7 45. Ra3 Rf7 46. Kd4 Rf2 47. Ba6+ Kb8 48. Kd5 Rd2+ 49. Ke6 Rd4 50. Kf5 Nd7 51. Rd3 Rxd3 52. Bxd3 Ne5 53. Be2 Kc7 54. Kf6 Kd7 55. Kg7 Ke6 56. Kxh6 Kf6 57. Kh5 Ng6 58. Bf1 Nh4 59. Kh6 Ng6 60. Kh7 Nf4 61. Kg8 Ne6 62. Kh7 Nf4 63. Kh6 Ng6 64. Kh7 Nf4 65. Kh8 Kg6 66. Kg8 Ne6 67. Bc4 Nf4 68. Kf8 Kf6 69. Bf1 Ne6+ 70. Ke8 Nc5 71. Kd8 Nxe4 72. Kc7 Nc3 73. Kxd6 Nxa2 74. Kc6 Nc3 75. Kxb6 Ke5 76. Kc6 Kf4 77. Kd6 Nd1 78. Ke6 Nf2 79. Kf6 Nxg4+ 80. hxg4 Kxg4 1/2-1/2

[Event "Catalunya-chT GpA final"]
[Site "Barcelona"]
[Date "2018.03.17"]
[Round "2.9"]
[White "Ramirez Carrizo, Victor Jose"]
[Black "Cespedes Llaverias, Llibert"]
[Result "1-0"]
[WhiteElo "2165"]
[BlackElo "2029"]
[PlyCount "69"]
[EventDate "2018.03.10"]
[EventType "team-tourn"]
[EventRounds "4"]
[EventCountry "ESP"]
[SourceTitle "CBM 183 Extra"]
[Source "ChessBase"]
[SourceDate "2018.04.19"]
[SourceVersion "1"]
[SourceVersionDate "2018.04.19"]
[SourceQuality "1"]
[WhiteTeam "Barbera"]
[BlackTeam "Tres Peons"]
[WhiteTeamCountry "ESP"]
[BlackTeamCountry "ESP"]

1. e4 c5 2. Nf3 Nc6 3. d4 cxd4 4. Nxd4 g6 5. Nc3 Bg7 6. Be3 Nf6 7. Bc4 0-0 8. Bb3 Re8 9. h4 e6 10. h5 d5 11. Nxc6 bxc6 12. e5 Nd7 13. Qg4 Nxe5 14. Qg3 Nd7 15. 0-0-0 Ba6 16. Rh4 Be5 17. f4 Bf6 18. Rh3 Qe7 19. Qf2 Qb4 20. hxg6 hxg6 21. a3 Qe7 22. Rdh1 Bg7 23. g4 Qd6 24. Rh7 c5 25. Qh4 Kf8 26. Ba4 Bb7 27. Bxd7 d4 28. Bxe8 Bxh1 29. Qxh1 Rxe8 30. Ne4 Qb6 31. Bd2 d3 32. Rxg7 Kxg7 33. Bc3+ Kf8 34. Bf6 d2+ 35. Nxd2 1-0